| 000 | 01218nam a22002657a 4500 | ||
|---|---|---|---|
| 005 | 20101206113148.0 | ||
| 008 | 101206t xxu||||| |||| 00| 0 hin d | ||
| 010 | _aHIN-91413 | ||
| 020 |
_c100.00 _a9788128829260 |
||
| 035 | _aHN-63759 | ||
| 037 | _bDBAD/PUB | ||
| 040 |
_aDPL _bHN |
||
| 082 | _a305.231 | ||
| 100 |
_924598 _aवैद, सुनील |
||
| 245 |
_aक्यों: मेरा बच्चा खाना नहीं खाता / _cसुनील वैद |
||
| 246 |
_aKyon-mera bachcha khana nahi khata _bby Sunil Vaid |
||
| 260 |
_aनई दिल्ली _bडायमंड पॉकेट बुक्स _c2010 |
||
| 270 |
_bनई दिल्ली _aX-30, ओखला इंडस्ट्रियल एरिया, फेज-11 _e110020 _k011- 41611861 _l011- 41611866 _msales@dpb.in |
||
| 300 |
_a135पृ. _c22सेमी (अजिल्द) _bसचित्र |
||
| 650 | _91169 | ||
| 700 | _924599 | ||
| 700 | _924924 | ||
| 942 |
_2ddc _cHN _mवैदसु _h305.231 |
||
| 999 |
_c49582 _d49582 |
||